Deep Learning/ (Record no. 144063)

MARC details
000 -LEADER
fixed length control field 00689nam a22001817a 4500
005 - DATE AND TIME OF LATEST TRANSACTION
control field 20231124122426.0
010 ## - LCCN (DPL NO)
LC control number ENG-120227
020 ## - INTERNATIONAL STANDARD BOOK NUMBER
International Standard Book Number 989356061972
Terms of availability 499.00
035 ## - SYSTEM CONTROL NUMBER
System control number EN-103759
037 ## - SOURCE OF ACQUISITION
Source of stock number/acquisition DBAD/PUB
082 ## - DEWEY DECIMAL CLASSIFICATION NUMBER
Classification number 004.02
100 ## - MAIN ENTRY--PERSONAL NAME
Personal name M. Gopal
245 ## - TITLE STATEMENT
Title Deep Learning/
Statement of responsibility, etc By M. Gopal
Remainder of title Core Concepts, Methods and Application
260 ## - PUBLICATION, DISTRIBUTION, ETC. (IMPRINT)
Place of publication, distribution, etc Uttar pradesh
Name of publisher, distributor, etc Pearson India Education Service Pvt. Ltd.
Date of publication, distribution, etc 2022
270 ## - ADDRESS
Address 15th Floor, Tower -B, World Trade Tower, PLot No.1, Block-C, Sector 16, Noida
City Noida (Uttar pradesh)
Postal code 201301
Telephone number 044-66540100
Electronic mail address companysecretary.india@pearson.com
300 ## - PHYSICAL DESCRIPTION
Extent 292p. :
Dimensions 124cm.(pbk)
942 ## - ADDED ENTRY ELEMENTS (KOHA)
Source of classification or shelving scheme Dewey Decimal Classification
Item type English Books
Classification part 004.02
Call number suffix GOP
Holdings
Withdrawn status Lost status Not for loan Collection code Home library Current library Date acquired Source of acquisition Cost, normal purchase price Full call number Barcode Copy number Cost, replacement price Koha item type
    Not For Loan Non-fiction D.B.Act.Division D.B.Act.Division 05/09/2017 DBAD/PUB 499.00 004.02 GOP EN-103759 1 499.00 English Books

© Delhi Public Library
Hit Counter
free hit counter